Eastern Enlargement' of the European Union – Changes in Trade Structure and Its Instability

Gespeichert in:
Bibliographische Detailangaben
1. Verfasser: Grančay, Martin, 1984-2024
Format: Buchkapitel
Sprache:Englisch
Schlagworte:
Tags: Tag hinzufügen
Keine Tags, Fügen Sie das erste Tag hinzu!

MARC

LEADER 00000nla a2200000 4500
001 0175222
005 20240502083416.7
041 0 |a eng 
044 |a TR 
245 1 0 |a Eastern Enlargement' of the European Union – Changes in Trade Structure and Its Instability  |c Martin Grančay 
610 2 0 |a Európska únia 
610 2 0 |a východná Európa 
610 2 0 |a integrácia ekonomická medzinárodná 
610 2 0 |a diplomacia hospodárska 
610 2 0 |a vzťahy medzinárodné 
100 1 |a Grančay, Martin, 1984-2024